Bari Behen / (Record no. 45882)

MARC details
000 -LEADER
fixed length control field 01274njm a22002897a 4500
005 - DATE AND TIME OF LATEST TRANSACTION
control field 20100915115125.0
006 - FIXED-LENGTH DATA ELEMENTS--ADDITIONAL MATERIAL CHARACTERISTICS--GENERAL INFORMATION
fixed length control field a|||||r|||||00| 0
007 - PHYSICAL DESCRIPTION FIXED FIELD--GENERAL INFORMATION
fixed length control field sd ammalaaahaa
008 - FIXED-LENGTH DATA ELEMENTS--GENERAL INFORMATION
fixed length control field 100910t xxu||||| |||| 00| 0 eng d
028 ## - PUBLISHER NUMBER
Publisher number TAE 1352
Source His Master's Voice
035 ## - SYSTEM CONTROL NUMBER
System control number GR-02722
040 ## - CATALOGING SOURCE
Original cataloging agency SED
Transcribing agency SED
100 ## - MAIN ENTRY--PERSONAL NAME
Personal name Mangeshkar, Lata
9 (RLIN) 19365
245 ## - TITLE STATEMENT
Title Bari Behen /
Statement of responsibility, etc sung by Mangeshkar Lata ; Music by Husnlal Bhagatram ; Lyrics by Rajinder Krishan
Medium [sound recording] :
246 ## - VARYING FORM OF TITLE
Title proper/short title बरी बेहें /
260 ## - PUBLICATION, DISTRIBUTION, ETC. (IMPRINT)
Place of publication, distribution, etc Dum Dum, India
Name of publisher, distributor, etc His Master's Voice
Date of publication, distribution, etc 1967
300 ## - PHYSICAL DESCRIPTION
Extent 1 sound disc [Gramophone Recording] :
Other physical details analog, 33 1/3 rpm ;
Dimensions 7.5 in. (SP)
Type of unit Gramaphone Records
500 ## - GENERAL NOTE
General note Brief records
500 ## - GENERAL NOTE
General note Record Lables : His Master's Voice, Red
505 ## - FORMATTED CONTENTS NOTE
Formatted contents note Side-1 चले जाना नह्नी (Chale Jana Nahi) (Lata Mangeshkar),--Side-2 जो दिल में खुशी बनकर आये (Jo Khooshi Bankar Aaye) (Lata Mangeshkar)
600 ## - SUBJECT ADDED ENTRY--PERSONAL NAME
Personal name Mangeshkar, Lata
9 (RLIN) 19611
650 ## - SUBJECT ADDED ENTRY--TOPICAL TERM
Source of heading or term Excerpts.
Topical term or geographic name as entry element Classical Music
Topical term following geographic name as entry element India
9 (RLIN) 19366
700 ## - ADDED ENTRY--PERSONAL NAME
Personal name Bhagatram, Husnlal
9 (RLIN) 20137
700 ## - ADDED ENTRY--PERSONAL NAME
Personal name Krishan, Rajinder
9 (RLIN) 20138
942 ## - ADDED ENTRY ELEMENTS (KOHA)
Source of classification or shelving scheme Dewey Decimal Classification
Item type Gramaphone Records
Holdings
Withdrawn status Lost status Source of classification or shelving scheme Damaged status Not for loan Collection code Home library Current library Date acquired Source of acquisition Total Checkouts Barcode Date last seen Copy number Price effective from Koha item type
    Dewey Decimal Classification   Not For Loan Non-fiction Central Library Central Library 15/09/2010 SED/VEN   GR-02722 15/09/2010 1 15/09/2010 Gramaphone Records

© Delhi Public Library
Hit Counter
free hit counter